En la escuela de la palabra: del Nuevo al Antiguo Testamento

Enregistré dans:
Détails bibliographiques
Auteurs principaux: Granados García, Carlos (Auteur), Sánchez Navarro, Luis (Auteur)
Format: Livre
Langue:espagnol
Publié: Pamplona Editorial Verbo Divino 2016
Édition:1a. ed
Collection:Estudios Bíblicos, 59
Sujets:
Tags: Ajouter un tag
Pas de tags, Soyez le premier à ajouter un tag!

MARC

LEADER 00000cam a2200000 a 4500
001 UCD7028
003 CL-VaPUC
008 170303e20160000sp |||||||||||||||||spa|d
020 |a 9788490732618 
082 0 4 |a 220.6  |b GRA  |2 21 
100 |a Granados García, Carlos  |e author  |9 590973 
700 0 |a Sánchez Navarro, Luis  |e author  |9 590974 
245 1 3 |a En la escuela de la palabra: del Nuevo al Antiguo Testamento 
250 |a 1a. ed 
300 |a 228 p 
942 |c BK 
945 |d 20170303 17:35:00  |a arojas 
260 |a Pamplona  |b Editorial Verbo Divino  |c 2016 
650 0 |a Sagradas escrituras  |9 349657 
650 0 |a Antiguo testamento   |9 313678 
650 0 |a Nuevo testamento  |9 257604 
650 0 |a Interpretación de la Biblia  |9 311877 
583 |a last modification  |c 20170303 17:35:00  |k Rodrigo Vera 
490 0 |a Estudios Bíblicos, 59 
999 |c 367195  |d 367193 
952 |0 0  |1 0  |3 erb  |4 0  |6 220_600000000000000_GRA_2016  |7 0  |8 A  |9 481893  |a BIBTEO  |b BIBTEO  |i 5362776  |o 220.6 GRA 2016  |p 5362776  |r 2025-01-17  |w 2019-11-24  |y BK  |z Catalogado en:20170303  |k ICR